[Event "ProMoPro2004"]
[Site "Praha"]
[Date "2004.09.13"]
[Round "3.3"]
[White "Cernousek, Lukas"]
[Black "Novotny, Michal"]
[Result "1-0"]
[WhiteElo "2378"]
[BlackElo "2197"]
[PlyCount "113"]
[EventDate "2004.09.11"]

1. e4 c5 2. Nf3 d6 3. d4 cxd4 4. Nxd4 Nf6 5. Nc3 a6 6. Be2 e5 7. Nb3 Be7 8. O-O
O-O 9. Be3 Be6 10. Qd2 Nbd7 11. a4 Nb6 12. a5 Nc4 13. Bxc4 Bxc4 14. Rfd1 Rc8
15. Nc1 d5 16. exd5 Bb4 17. Bb6 Qd6 18. Nd3 Bxc3 19. Qxc3 Bxd5 20. Bc5 Qe6 21.
Qb4 Rfe8 22. f3 Qf5 23. Rf1 e4 24. fxe4 Qxe4 25. Qxe4 Bxe4 26. b4 Bxd3 27. cxd3
Rcd8 28. d4 Rd5 29. Rae1 Re4 30. h3 h5 31. g3 Rd7 32. Kg2 Rd5 33. Bb6 g6 34.
Rxe4 Nxe4 35. Rc1 Rd7 36. Rc8+ Kg7 37. g4 hxg4 38. hxg4 Nd6 39. Rc5 Ne4 40. Re5
Nf6 41. Kf3 Nd5 42. Bc5 f6 43. Re8 f5 44. Rf8 fxg4+ 45. Kxg4 Ne3+ 46. Kg5 Rd5+
47. Kf4 Rxc5 48. bxc5 Ng2+ 49. Kg3 Kxf8 50. Kxg2 Ke7 51. d5 Kf6 52. Kf3 Ke5 53.
d6 Ke6 54. Ke4 Kd7 55. Ke5 g5 56. Kf5 b5 57. axb6 1-0

[Event "ProMoPro2004"]
[Site "Praha"]
[Date "2004.09.13"]
[Round "3.4"]
[White "Benes, Petr"]
[Black "Stehno, Pavel"]
[Result "1/2-1/2"]
[WhiteElo "2140"]
[BlackElo "2344"]
[PlyCount "117"]
[EventDate "2004.09.11"]

1. g3 Nf6 2. Bg2 g6 3. e4 d6 4. d4 Bg7 5. Nc3 O-O 6. h3 Nbd7 7. Nf3 e5 8. O-O
c6 9. a4 a5 10. b3 Re8 11. Ba3 Bf8 12. Re1 Qb6 13. Qd2 exd4 14. Nxd4 Nc5 15.
Rad1 Bd7 16. Kh2 Rad8 17. f4 Bc8 18. Re2 Bg7 19. Qe1 Nh5 20. Bf3 Nf6 21. e5
dxe5 22. fxe5 Nfd7 23. e6 fxe6 24. Nxe6 Nxe6 25. Rxe6 Ne5 26. Rxe5 Bxe5 27. Ne4
Rxd1 28. Bxd1 Qd8 29. Bf3 Bf5 30. Kg2 Bxe4 31. Qxe4 Qg5 32. Qe1 Qd8 33. Qf2 Bd4
34. Qd2 Be3 35. Qd3 Qxd3 36. cxd3 Bd4 37. Be4 Kg7 38. h4 Rc8 39. Bd6 b5 40. Kf3
bxa4 41. bxa4 c5 42. Bb7 Re8 43. Be4 h6 44. Bf4 Re6 45. Bd5 Re1 46. Bd2 Ra1 47.
Bc6 Ra3 48. Ke4 Bc3 49. Be3 Bb4 50. Bb5 h5 51. Kd5 Rc3 52. Bf4 Rc2 53. Be5+ Kf7
54. Bc4 Rg2 55. Kd6+ Kf8 56. Bd5 c4+ 57. Ke6 Re2 58. Bxc4 Be1 59. Kf6 1/2-1/2

[Event "ProMoPro2004"]
[Site "Praha"]
[Date "2004.09.13"]
[Round "3.20"]
[White "Krivanek, Vladimir"]
[Black "Marsalek, Lubos"]
[Result "1/2-1/2"]
[WhiteElo "1853"]
[BlackElo "2009"]
[PlyCount "115"]
[EventDate "2004.09.11"]

1. e4 c5 2. Nc3 Nc6 3. Nf3 d6 4. d4 cxd4 5. Nxd4 Nf6 6. Be2 a6 7. O-O e6 8. Kh1
Be7 9. f4 Qc7 10. Be3 Bd7 11. a4 O-O 12. Qe1 b6 13. Qg3 Kh8 14. Nf3 Nb4 15. Bd3
Nxd3 16. cxd3 Bc6 17. Rfc1 Qb7 18. Nd4 Bd7 19. Nde2 Rac8 20. Bd4 d5 21. e5 Ne8
22. Be3 g6 23. Qh3 Ng7 24. d4 f5 25. Ng1 b5 26. axb5 axb5 27. Qf3 b4 28. Nd1
Rxc1 29. Rxc1 Rc8 30. Qe2 Rxc1 31. Bxc1 Ba4 32. Nf3 Qc6 33. Be3 Bb5 34. Qd2 Qc4
35. h3 Nh5 36. Kh2 h6 37. Nf2 Kh7 38. Ne1 Bh4 39. Nfd3 Bg3+ 40. Kg1 Bxe1 41.
Nxe1 Ng3 42. Nc2 Nf1 43. Qf2 Nxe3 44. Nxe3 Qxd4 45. Kh1 Qc5 46. Qd2 b3 47. Qa5
Qc6 48. Qa7+ Qd7 49. Qd4 g5 50. fxg5 hxg5 51. h4 g4 52. Kh2 Be2 53. Qb4 d4 54.
Qd2 d3 55. Nc4 Qd8 56. Kg3 Qd4 57. Qg5 f4+ 58. Qxf4 {remis} 1/2-1/2

[Event "ProMoPro2004"]
[Site "Praha"]
[Date "2004.09.14"]
[Round "4.21"]
[White "Hoskovec, Josef"]
[Black "Slovak, Pavel"]
[Result "1-0"]
[WhiteElo "1864"]
[BlackElo "2103"]
[PlyCount "37"]
[EventDate "2004.09.11"]

1. e4 c5 2. g3 d6 3. Bg2 Nf6 4. Nc3 Nc6 5. d3 g6 6. f4 Bg7 7. Nf3 O-O 8. O-O
Nh5 9. f5 Nd4 10. g4 Nxf3+ 11. Rxf3 Bd4+ 12. Kh1 Nf6 13. Rh3 Nd7 14. Qe1 Re8
15. Qh4 Nf8 16. Nd5 Bg7 17. Bh6 Bxh6 18. Qxh6 e6 19. f6 {cerny se vzdal} 1-0

[Event "ProMoPro2004"]
[Site "Praha"]
[Date "2004.09.14"]
[Round "4.20"]
[White "Listopad, Martin"]
[Black "Petrak, Robert"]
[Result "1-0"]
[WhiteElo "1882"]
[BlackElo "2143"]
[PlyCount "49"]
[EventDate "2004.09.11"]

1. e4 Nf6 2. e5 Nd5 3. d4 d6 4. c4 Nb6 5. exd6 Qxd6 6. Be3 Qd8 7. Nc3 g6 8. Bd3
Bg7 9. Nge2 Nc6 10. d5 Ne5 11. O-O O-O 12. Bd4 c6 13. f4 Nxd3 14. Qxd3 Bf5 15.
Qd1 Qd7 16. Bxg7 Kxg7 17. Qd4+ Kg8 18. Rad1 Bg4 19. Rd3 c5 20. Qf2 Nxc4 21. Ng3
Bf5 22. Nce4 b6 23. d6 Nxd6 24. Rxd6 exd6 25. Nf6+ {cerny se vzdal} 1-0

[Event "ProMoPro2004"]
[Site "Praha"]
[Date "2004.09.14"]
[Round "4.9"]
[White "Rmoutil, Martin"]
[Black "Vedral, Oldrich"]
[Result "0-1"]
[WhiteElo "2007"]
[BlackElo "2280"]
[PlyCount "30"]
[EventDate "2004.09.11"]

1. d4 f5 2. Nf3 Nf6 3. g3 g6 4. Bg2 Bg7 5. O-O d6 6. c4 O-O 7. Nc3 c6 8. Qb3
Kh8 9. c5 dxc5 10. dxc5 Na6 11. Ne5 Nxc5 12. Qc4 Ne6 13. Rd1 Qa5 14. f4 Nc7 15.
Rd8 15... Be6 {bily se vzdal} 0-1

[Event "ProMoPro2004"]
[Site "Praha"]
[Date "2004.09.14"]
[Round "4.14"]
[White "Trnka, Jaroslav"]
[Black "Svoboda, Vaclav"]
[Result "1-0"]
[WhiteElo "1880"]
[BlackElo "2042"]
[PlyCount "57"]
[EventDate "2004.09.11"]

1. d4 Nf6 2. c4 c5 3. Nf3 g6 4. Nc3 Bg7 5. d5 d6 6. e4 Bg4 7. h3 Bxf3 8. Qxf3
O-O 9. Qd1 a6 10. Be2 Nbd7 11. Be3 Rb8 12. a4 Qa5 13. O-O Rfd8 14. Qd2 Nb6 15.
Qd3 Rd7 16. Bd2 Nc8 17. f4 Ne8 18. Bg4 Qc7 19. Bxd7 Qxd7 20. b3 Na7 21. Rae1 b5
22. axb5 axb5 23. e5 dxe5 24. fxe5 bxc4 25. bxc4 e6 26. Qe2 Nc7 27. Rb1 Rd8 28.
Rb7 Nc8 29. Nb5 {cerny se vzdal} 1-0

[Event "ProMoPro2004"]
[Site "Praha"]
[Date "2004.09.14"]
[Round "4.10"]
[White "Kubikova, Alena"]
[Black "Sodoma, Jan"]
[Result "1/2-1/2"]
[WhiteElo "2067"]
[BlackElo "2203"]
[PlyCount "46"]
[EventDate "2004.09.11"]

1. e4 e5 2. Nf3 Nc6 3. Bb5 a6 4. Ba4 Nf6 5. O-O Be7 6. Bxc6 dxc6 7. d3 Bg4 8.
Nbd2 O-O 9. h3 Bxf3 10. Nxf3 Qd6 11. b3 Rad8 12. Bb2 Nd7 13. Qe2 c5 14. Nd2 f6
15. Nc4 Qe6 16. Ne3 Bd6 17. Rae1 c6 18. Nf5 g6 19. Qg4 Rde8 20. f4 exf4 21.
Nxd6 Qxd6 22. Qxf4 Qxf4 23. Rxf4 f5 1/2-1/2

[Event "ProMoPro2004"]
[Site "Praha"]
[Date "2004.09.14"]
[Round "4.32"]
[White "Cozl, Miroslav"]
[Black "Istel, Oldrich"]
[Result "0-1"]
[WhiteElo "1525"]
[BlackElo "1668"]
[PlyCount "68"]
[EventDate "2004.09.11"]

1. e4 Nc6 2. Nf3 e5 3. d4 d6 4. d5 Nb8 5. h3 Nf6 6. Bd3 c6 7. dxc6 bxc6 8. Bg5
Be7 9. Bxf6 Bxf6 10. O-O O-O 11. c3 Nd7 12. b4 a6 13. Kh2 Qc7 14. Rg1 c5 15. g4
Bb7 16. g5 Be7 17. h4 d5 18. Qe2 f5 19. Nbd2 fxe4 20. Nxe4 dxe4 21. Bxe4 Bxe4
22. Qxe4 cxb4 23. cxb4 Bxb4 24. Qd5+ Kh8 25. Kg2 Rae8 26. Rac1 Qa7 27. Rc2 Rf4
28. Re2 Ref8 29. Re3 e4 30. Nd4 Rxf2+ 31. Kh3 Bd2 32. Rxe4 Qc7 33. Rg3 Bf4 34.
Rg2 Qc3+ 0-1

[Event "ProMoPro2004"]
[Site "Praha"]
[Date "2004.09.14"]
[Round "4.11"]
[White "Novotny, Michal"]
[Black "Mejzlik, Ondrej"]
[Result "0-1"]
[WhiteElo "2197"]
[BlackElo "2025"]
[PlyCount "66"]
[EventDate "2004.09.11"]

1. e4 d5 2. exd5 Qxd5 3. Nc3 Qa5 4. d4 c6 5. Bc4 Nf6 6. Bd2 Bf5 7. Nge2 e6 8.
Ng3 Bg6 9. h4 h5 10. Nd5 Qd8 11. Nf4 Be4 12. Qe2 Bd5 13. Bd3 b5 14. O-O-O g6
15. Kb1 Bg7 16. f3 Nbd7 17. Nxd5 cxd5 18. Bb4 Qb6 19. Bxb5 Rb8 20. Bxd7+ Nxd7
21. c3 a5 22. Ba3 Bf8 23. Bxf8 Kxf8 24. Nf1 Qd6 25. b3 Kg7 26. Rc1 Rhc8 27. Rc2
a4 28. b4 Rxc3 29. Rxc3 Qxb4+ 30. Kc2 Qb1+ 31. Kd2 Rb2+ 32. Ke3 Rxe2+ 33. Kxe2
Qb2+ 0-1

[Event "ProMoPro2004"]
[Site "Praha"]
[Date "2004.09.14"]
[Round "4.27"]
[White "Hornicek, Ondrej"]
[Black "Novotny, Vladimir"]
[Result "0-1"]
[WhiteElo "1631"]
[BlackElo "1906"]
[PlyCount "100"]
[EventDate "2004.09.11"]

1. e4 c5 2. Nf3 d6 3. d4 cxd4 4. Nxd4 a6 5. Be3 Nf6 6. Bd3 e5 7. Ne2 Be7 8.
Nbc3 Be6 9. h3 O-O 10. f4 Qc7 11. f5 Bc4 12. O-O Nbd7 13. b3 Bxd3 14. cxd3 Nb6
15. Rc1 Qd8 16. d4 d5 17. dxe5 Nxe4 18. Nxe4 dxe4 19. Qxd8 Bxd8 20. Rf4 Nd5 21.
Rxe4 Nxe3 22. Rxe3 Bb6 23. Kf2 Rae8 24. Rc4 Bxe3+ 25. Kxe3 Rxe5+ 26. Kf3 Rxf5+
27. Kg3 Re5 28. Nd4 Rfe8 29. Rc7 R5e7 30. Rc2 g6 31. Kf3 Re4 32. Ne2 g5 33. Nc3
Rf4+ 34. Kg3 Rc8 35. Rc1 Rd8 36. Ne2 Rd3+ 37. Kh2 Rf2 38. Ng3 Kg7 39. Ne4 Rxa2
40. Rc7 Rxb3 41. Nxg5 Kg6 42. Nxf7 Rbb2 43. Kh1 b5 44. Ne5+ Kf5 45. Nf3 Kf4 46.
Rxh7 Rxg2 47. Rf7+ Ke3 48. Ne1 Rh2+ 49. Kg1 Rxh3 50. Ng2+ Kd4 0-1

[Event "ProMoPro2004"]
[Site "Praha"]
[Date "2004.09.14"]
[Round "4.22"]
[White "Benes, Pavel"]
[Black "Szirmai, Emil"]
[Result "0-1"]
[WhiteElo "1852"]
[BlackElo "2084"]
[PlyCount "70"]
[EventDate "2004.09.11"]

1. e4 Nf6 2. e5 Nd5 3. d4 d6 4. Nf3 dxe5 5. Nxe5 g6 6. Bc4 c6 7. O-O Bg7 8. Nd2
O-O 9. c3 Nd7 10. Ndf3 Nxe5 11. Nxe5 Be6 12. Bd3 c5 13. Be3 Nxe3 14. fxe3 Bxe5
15. dxe5 Qd5 16. Qe2 Qxe5 17. Rf4 Rad8 18. h4 h5 19. Raf1 Kg7 20. Bb1 Qd5 21.
Be4 Qd2 22. Qf3 Bd5 23. g4 hxg4 24. Rxg4 Bxe4 25. Rxe4 Qd6 26. h5 f5 27. Rh4
Rh8 28. e4 Qf6 29. h6+ Rxh6 30. Rxh6 Qg5+ 31. Kf2 Qxh6 32. exf5 Qh2+ 33. Ke3
Qd2+ 34. Ke4 gxf5+ 35. Qxf5 Qe2+ 0-1

[Event "ProMoPro2004"]
[Site "Praha"]
[Date "2004.09.14"]
[Round "4.5"]
[White "Londyn, Radek"]
[Black "Srba, Milan"]
[Result "1-0"]
[WhiteElo "2278"]
[BlackElo "2137"]
[PlyCount "95"]
[EventDate "2004.09.11"]

1. b3 d5 2. Bb2 Nc6 3. Nf3 Bg4 4. e3 e5 5. h3 Bxf3 6. Qxf3 Be7 7. Bb5 e4 8. Qe2
Bf6 9. Bxc6+ bxc6 10. Nc3 Ne7 11. O-O-O a5 12. d3 exd3 13. Qxd3 O-O 14. e4 Qd6
15. g3 Bxc3 16. Qxc3 Qh6+ 17. Kb1 dxe4 18. Qe5 Rfe8 19. Qxe4 Nd5 20. Qf3 a4 21.
Rd4 a3 22. Ba1 Re6 23. Rhd1 Rae8 24. Rh4 Qg6 25. Rg4 Qh6 26. Rxg7+ Qxg7 27.
Bxg7 Kxg7 28. c4 Nf6 29. Kc2 c5 30. Qc3 Re2+ 31. Rd2 Re1 32. g4 Rg1 33. Rd1 Rg2
34. Qf3 Rh2 35. Rf1 Ne4 36. Re1 Rxf2+ 37. Qxf2 Nxf2 38. Rxe8 Nxh3 39. Re5 Nf2
40. Rxc5 Kg6 41. Rc6+ f6 42. Rxc7 Nxg4 43. Kd3 h5 44. Ke2 Kg5 45. b4 h4 46. b5
h3 47. Rh7 h2 48. Rxh2 1-0

[Event "ProMoPro2004"]
[Site "Praha"]
[Date "2004.09.14"]
[Round "4.24"]
[White "Bohac, Jaroslav"]
[Black "Zatko, Michal"]
[Result "1/2-1/2"]
[WhiteElo "1943"]
[BlackElo "1760"]
[PlyCount "84"]
[EventDate "2004.09.11"]

1. d4 Nf6 2. c4 e6 3. Nc3 d5 4. Bg5 Nbd7 5. cxd5 exd5 6. e3 c6 7. Bd3 Be7 8.
Qc2 O-O 9. Nge2 Re8 10. O-O Nf8 11. Bh4 Bg4 12. h3 Bxe2 13. Bxe2 Ne6 14. Rac1
Bd6 15. Qf5 Be7 16. Bg3 g6 17. Qc2 Ng7 18. Na4 Ne4 19. Bh2 Nf5 20. Bd3 Bd6 21.
Bxd6 Qxd6 22. Bxe4 Rxe4 23. Nc5 Re7 24. Nd3 Qe6 25. Ne5 f6 26. Nf3 Nd6 27. Nd2
Kg7 28. Rce1 Rc8 29. Qd3 Ne4 30. Nxe4 Qxe4 31. Qxe4 Rxe4 32. b4 a6 33. Rc1 f5
34. a4 Re7 35. Rc3 b5 36. axb5 axb5 37. Rfc1 Rec7 38. g4 Kf6 39. f4 h5 40. gxh5
gxh5 41. Kf2 h4 42. Rc5 Kf7 1/2-1/2

[Event "ProMoPro2004"]
[Site "Praha"]
[Date "2004.09.14"]
[Round "4.4"]
[White "Virostko, Petr"]
[Black "Forman, Miroslav"]
[Result "1-0"]
[WhiteElo "2290"]
[BlackElo "2023"]
[PlyCount "57"]
[EventDate "2004.09.11"]

1. e4 c5 2. Nf3 e6 3. d4 cxd4 4. Nxd4 a6 5. Bd3 Bc5 6. Nb3 Ba7 7. O-O Ne7 8.
Nc3 O-O 9. e5 Nbc6 10. Qh5 Nf5 11. Bg5 Qc7 12. g4 g6 13. Qh3 Ng7 14. Ne4 f5 15.
Nf6+ Kf7 16. gxf5 Nxe5 17. Nxh7 gxf5 18. Nxf8 Kxf8 19. Bf6 Kf7 20. Bxg7 Kxg7
21. Kh1 b5 22. Rg1+ Kf8 23. Qh6+ Ke7 24. Rg7+ Kd6 25. Rd1 Bb7+ 26. Be4+ Nd3 27.
Rxd3+ Ke5 28. f4+ Kxe4 29. Nd2# 1-0

[Event "ProMoPro2004"]
[Site "Praha"]
[Date "2004.09.14"]
[Round "4.16"]
[White "Marsalek, Lubos"]
[Black "Simecek, Bohumil"]
[Result "0-1"]
[WhiteElo "2009"]
[BlackElo "2113"]
[PlyCount "78"]
[EventDate "2004.09.11"]

1. Nf3 Nf6 2. g3 g6 3. Bg2 Bg7 4. c4 O-O 5. Nc3 d6 6. d4 Nc6 7. e4 a6 8. O-O
Rb8 9. d5 Na5 10. Qd3 c5 11. Rb1 b5 12. cxb5 c4 13. Qc2 axb5 14. b4 cxb3 15.
axb3 b4 16. Na2 Nxe4 17. Nd4 Nc5 18. Qd2 Bxd4 19. Qxd4 Naxb3 20. Qh4 Nxc1 21.
Rfxc1 b3 22. Nb4 Bd7 23. Nc6 Bxc6 24. dxc6 Qc7 25. Rc3 e6 26. Qf4 Rfc8 27. g4
e5 28. Qh6 e4 29. g5 f5 30. gxf6 Rf8 31. Qh4 Qxc6 32. Rh3 Rf7 33. Qf4 Rbf8 34.
Qh6 d5 35. f3 Qxf6 36. fxe4 dxe4 37. Bf1 Qf2+ 38. Kh1 Qc2 39. Bd3 Nxd3 0-1

[Event "ProMoPro2004"]
[Site "Praha"]
[Date "2004.09.14"]
[Round "4.17"]
[White "Novak, Vaclav"]
[Black "Stodolova, Kristyna"]
[Result "1/2-1/2"]
[WhiteElo "2109"]
[BlackElo "1996"]
[PlyCount "69"]
[EventDate "2004.09.11"]

1. e4 Nf6 2. e5 Nd5 3. d4 d6 4. f4 dxe5 5. fxe5 Nc6 6. Nf3 Bg4 7. Be2 e6 8. O-O
Be7 9. c3 O-O 10. a4 a6 11. Na3 Qd7 12. Nc4 b5 13. Ne3 Nxe3 14. Bxe3 Na5 15.
Bd3 Nc4 16. Bc1 c5 17. Qc2 Bf5 18. Bxf5 exf5 19. b3 Nb6 20. Be3 Nd5 21. Bf2
Rac8 22. Rad1 c4 23. b4 Rc6 24. axb5 axb5 25. Ra1 Rg6 26. Rfe1 Nf4 27. Bg3 Nd3
28. Re2 Rg4 29. Rd1 f4 30. Be1 Qd5 31. Kf1 Ra8 32. e6 fxe6 33. Ne5 Nxe5 34.
Rxe5 Qc6 35. d5 1/2-1/2

[Event "ProMoPro2004"]
[Site "Praha"]
[Date "2004.09.14"]
[Round "4.25"]
[White "Stepanek, Svatopluk"]
[Black "Horinek, Karel"]
[Result "1-0"]
[WhiteElo "1767"]
[BlackElo "1941"]
[PlyCount "91"]
[EventDate "2004.09.11"]

1. d4 d5 2. c4 c6 3. Nc3 Nf6 4. Bg5 Qa5 5. Bd2 dxc4 6. e4 Qb6 7. Nf3 Be6 8. Qc2
Na6 9. Na4 Qc7 10. Ng5 b5 11. Nxe6 fxe6 12. Nc3 O-O-O 13. e5 Rxd4 14. exf6 Nb4
15. Qc1 Qe5+ 16. Be3 exf6 17. Be2 Nd3+ 18. Bxd3 Rxd3 19. O-O Bd6 20. g3 Qf5 21.
Bxa7 Kb7 22. Be3 h5 23. Qe1 h4 24. Qe2 Bb4 25. a4 Bxc3 26. bxc3 hxg3 27. fxg3
Qe5 28. Rfe1 Ra8 29. a5 Rxc3 30. a6+ Rxa6 31. Rxa6 Kxa6 32. Qa2+ Kb7 33. Qa7+
Kc8 34. Bf2 Qc7 35. Qa8+ Kd7 36. Ra1 e5 37. Ra7 Qxa7 38. Qxa7+ Ke6 39. Qc5 Rb3
40. Qxc6+ Kf5 41. Qd5 Kg6 42. Kg2 Rb2 43. Kf3 Rb3+ 44. Kg4 f5+ 45. Kh4 e4 46.
Qe6+ 1-0

[Event "ProMoPro2004"]
[Site "Praha"]
[Date "2004.09.14"]
[Round "4.12"]
[White "Mejzlik, Vojtech"]
[Black "Prachar, Josef"]
[Result "1/2-1/2"]
[WhiteElo "2097"]
[BlackElo "2008"]
[PlyCount "88"]
[EventDate "2004.09.11"]

1. c4 e5 2. Nc3 Nc6 3. g3 Bc5 4. Bg2 f5 5. e3 Nf6 6. a3 a5 7. d3 O-O 8. Nge2 d6
9. O-O Kh8 10. d4 Bb6 11. Rb1 Ne7 12. b4 axb4 13. axb4 c6 14. Qb3 e4 15. Rd1
Be6 16. Bf1 Bf7 17. Nf4 g5 18. Nh3 h6 19. d5 cxd5 20. cxd5 Kh7 21. Bb2 Bh5 22.
Be2 Bg4 23. Kg2 Bxh3+ 24. Kxh3 f4 25. Nxe4 g4+ 26. Bxg4 Nxg4 27. Qd3 Ng6 28.
Kxg4 f3 29. Nf6+ Rxf6 30. Bxf6 Qxf6 31. Qf5 Rf8 32. Qxf6 Rxf6 33. h4 Ne5+ 34.
Kh3 h5 35. Rbc1 Ng4 36. Rf1 Kg6 37. Rc8 Kf5 38. Rh8 Kg6 39. Rg8+ Kh6 40. Rh8+
Kg6 41. Rg8+ Kh6 42. Rh8+ Kg6 43. Rb8 Rf7 44. Re8 Rf6 1/2-1/2

[Event "ProMoPro2004"]
[Site "Praha"]
[Date "2004.09.14"]
[Round "4.30"]
[White "Janota, Jiri"]
[Black "Ryslink, Daniel"]
[Result "0-1"]
[WhiteElo "1559"]
[BlackElo "1764"]
[PlyCount "83"]
[EventDate "2004.09.11"]

1. e4 e6 2. d4 d5 3. e5 c5 4. Nc3 cxd4 5. Nb5 Nc6 6. Nf3 Bc5 7. Bd3 Nge7 8. O-O
Ng6 9. Re1 a6 10. Bxg6 hxg6 11. Nfxd4 Bd7 12. c3 Rc8 13. Qd3 Bxd4 14. Nxd4 Qh4
15. Nf3 Qh5 16. Bf4 f6 17. exf6 gxf6 18. Rad1 Kf7 19. Bg3 Ne7 20. Nd4 e5 21.
Qe3 Rce8 22. Ne2 Nf5 23. Qf3 Nxg3 24. Qxg3 Bc6 25. f3 f5 26. f4 Bb5 27. Nc1 e4
28. Rxd5 Re7 29. h3 Bc6 30. Rd6 Rhe8 31. Re3 Rd7 32. Rxd7+ Bxd7 33. Ne2 Bb5 34.
Nd4 Bd3 35. Re1 Qh8 36. Qe3 Qf6 37. Nf3 Rd8 38. Ne5+ Kg7 39. Rd1 Qd6 40. Nc4
Qd7 41. Ne5 Qd6 42. Qg3 0-1

[Event "ProMoPro2004"]
[Site "Praha"]
[Date "2004.09.14"]
[Round "4.3"]
[White "Stehno, Pavel"]
[Black "Stross, Frantisek"]
[Result "1-0"]
[WhiteElo "2344"]
[BlackElo "2220"]
[PlyCount "123"]
[EventDate "2004.09.11"]

1. e4 c5 2. Nf3 d6 3. d4 cxd4 4. Qxd4 a6 5. c4 Nc6 6. Qd2 Nf6 7. Nc3 Bg4 8. Nd4
Bd7 9. Nxc6 Bxc6 10. Bd3 g6 11. Rb1 a5 12. b3 Bg7 13. Bb2 O-O 14. O-O Nd7 15.
Rfe1 Nc5 16. Bc2 b6 17. Nd5 Bxb2 18. Rxb2 e5 19. Re3 Bxd5 20. Qxd5 Ne6 21. Qd1
Ra7 22. g3 Kh8 23. Bd3 Qc7 24. Bf1 f6 25. Rd2 Nd4 26. a4 Qc5 27. Bg2 f5 28.
exf5 gxf5 29. Red3 f4 30. Be4 Raf7 31. Qh5 Qc7 32. f3 Rg7 33. g4 Qf7 34. Qxf7
Rfxf7 35. h4 h6 36. Kg2 Ra7 37. Kh3 Kg8 38. Rxd4 exd4 39. Rxd4 Rad7 40. Bd5+
Kh7 41. Rxf4 Rge7 42. Be4+ Kg7 43. g5 Rf7 44. Rg4 Rde7 45. gxh6+ Kh8 46. Rg6
Rd7 47. Kg3 Rd8 48. Kf2 Rdf8 49. Ke3 Rf6 50. h5 R6f7 51. Rxd6 Rf6 52. Rd7 R8f7
53. Rxf7 Rxf7 54. Kd4 Rc7 55. f4 Rc5 56. Bg6 Kg8 57. f5 Kh8 58. f6 Rc6 59. Ke5
Rc8 60. Kd6 Rf8 61. Ke7 Rb8 62. Be8 {cerny se vzdal} 1-0

[Event "ProMoPro2004"]
[Site "Praha"]
[Date "2004.09.14"]
[Round "4.8"]
[White "Kamenik, Robert"]
[Black "Pokorny, Petr"]
[Result "1/2-1/2"]
[WhiteElo "2027"]
[BlackElo "2292"]
[PlyCount "43"]
[EventDate "2004.09.11"]

1. e4 c5 2. Nf3 d6 3. d4 cxd4 4. Nxd4 Nf6 5. Nc3 a6 6. a4 e6 7. Be2 Be7 8. Be3
O-O 9. Qd2 Qc7 10. f4 b6 11. Bf3 Bb7 12. O-O Nbd7 13. Nb3 Rab8 14. g4 Qc4 15.
Qd3 Qxd3 16. cxd3 Nc5 17. Nc1 h6 18. g5 hxg5 19. fxg5 Nh7 20. d4 Nd7 21. h4 f5
22. N1e2 1/2-1/2

[Event "ProMoPro2004"]
[Site "Praha"]
[Date "2004.09.14"]
[Round "4.7"]
[White "Vavra, Pavel"]
[Black "Novak, Jindrich"]
[Result "1-0"]
[WhiteElo "2393"]
[BlackElo "2059"]
[PlyCount "43"]
[EventDate "2004.09.11"]

1. e4 d6 2. d4 f5 3. Nc3 Nc6 4. Nf3 Nf6 5. d5 fxe4 6. Ng5 Ne5 7. Be3 Bf5 8. Bd4
c6 9. Bxe5 dxe5 10. dxc6 bxc6 11. Bc4 Qd4 12. Bf7+ Kd7 13. Qe2 Kc7 14. Be6 Bg6
15. Bh3 Qb4 16. Ne6+ Kd6 17. O-O-O+ Nd5 18. Qa6 Qxc3 19. bxc3 Bh5 20. f3 exf3
21. Rxd5+ Kxd5 22. Qd3# 1-0

[Event "ProMoPro2004"]
[Site "Praha"]
[Date "2004.09.14"]
[Round "4.23"]
[White "Hampel, Rudolf"]
[Black "Nepustil, Frantisek"]
[Result "0-1"]
[WhiteElo "1785"]
[BlackElo "1979"]
[PlyCount "83"]
[EventDate "2004.09.11"]

1. e4 c6 2. d4 d5 3. exd5 cxd5 4. c3 g6 5. Bd3 Nc6 6. Qb3 Bg7 7. Bf4 Nh6 8. Nf3
O-O 9. O-O b6 10. Ne5 Nxe5 11. Bxe5 Bf5 12. Bxg7 Kxg7 13. Ba6 Rb8 14. Be2 e6
15. Nd2 f6 16. f4 Bg4 17. Nf3 Nf5 18. h3 Ng3 19. Rf2 Nxe2+ 20. Rxe2 Bxf3 21.
gxf3 Qd6 22. Kf2 Rfe8 23. Qb5 a6 24. Qxa6 Qxf4 25. Kg2 Re7 26. Rae1 Kf7 27. Qd3
Rbe8 28. Qe3 Qh4 29. b3 e5 30. Qd2 e4 31. fxe4 Rxe4 32. Rxe4 Rxe4 33. Rf1 f5
34. Rf3 Kf6 35. a4 g5 36. Qf2 Qxf2+ 37. Kxf2 h5 38. b4 Re6 39. Kg3 f4+ 40. Kf2
Kf5 41. c4 dxc4 42. Rc3 {bily se vzdal} 0-1

[Event "ProMoPro2004"]
[Site "Praha"]
[Date "2004.??.??"]
[Round "4.19"]
[White "Voglova, Eva"]
[Black "Krivanek, Vladimir"]
[Result "*"]
[WhiteElo "1988"]
[BlackElo "1853"]
[PlyCount "75"]
[EventDate "2004.09.11"]

1. d4 Nf6 2. Nf3 e6 3. c4 c5 4. Nc3 a6 5. Bg5 h6 6. Bh4 g5 7. Bg3 Nh5 8. d5
Nxg3 9. hxg3 d6 10. e3 e5 11. Nd2 Qe7 12. Be2 Bg7 13. Qb3 Bf5 14. e4 Bg6 15.
Na4 O-O 16. Nb6 Ra7 17. g4 a5 18. f3 Qc7 19. Nf1 Nd7 20. Na4 Ra6 21. Ne3 Nb6
22. Nc3 f6 23. Nf5 Bxf5 24. gxf5 a4 25. Nb5 axb3 26. Nxc7 Ra4 27. Nb5 Rd8 28.
Na3 bxa2 29. O-O Rda8 30. Rfc1 h5 31. Rxa2 Bh6 32. Rc2 Kf7 33. Kf2 Rg8 34. Ra1
Rg7 35. Rb1 h4 36. Nb5 Ke7 37. b3 Ra5 38. Bd1 {remis} *

[Event "ProMoPro2004"]
[Site "Praha"]
[Date "2004.09.14"]
[Round "4.18"]
[White "Krischke, Arnold"]
[Black "Slechta, Karel"]
[Result "1-0"]
[WhiteElo "2133"]
[BlackElo "1957"]
[PlyCount "83"]
[EventDate "2004.09.11"]

1. c4 c5 2. g3 g6 3. Bg2 Bg7 4. Nc3 Nc6 5. Nf3 Nf6 6. O-O O-O 7. d4 cxd4 8.
Nxd4 Nxd4 9. Qxd4 d6 10. Qd3 a6 11. Be3 Bf5 12. Qd2 Qc8 13. Rfd1 Bh3 14. Bh1
Qxc4 15. Rac1 Qb4 16. Nd5 Nxd5 17. Bxd5 Qxb2 18. Qxb2 Bxb2 19. Rb1 Bf6 20. Bxb7
Bf5 21. Rb6 Rab8 22. f3 a5 23. Rd5 a4 24. g4 Bc8 25. Rdb5 Rxb7 26. Rxb7 Bxb7
27. Rxb7 Rc8 28. g5 Be5 29. f4 Rc3 30. Rb8+ Kg7 31. Kf2 Rc2 32. fxe5 dxe5 33.
Ra8 Rxa2 34. Bc5 f6 35. h4 fxg5 36. hxg5 h6 37. Bxe7 hxg5 38. Bxg5 Kf7 39. Ra6
Ra1 40. Rf6+ Kg7 41. Re6 a3 42. Bf6+ {cerny se vzdal} 1-0

[Event "ProMoPro2004"]
[Site "Praha"]
[Date "2004.09.14"]
[Round "4.2"]
[White "Hausner, Ivan"]
[Black "Benes, Petr"]
[Result "1-0"]
[WhiteElo "2419"]
[BlackElo "2140"]
[PlyCount "113"]
[EventDate "2004.09.11"]

1. d4 Nf6 2. c4 e6 3. g3 c5 4. d5 exd5 5. cxd5 d6 6. Nc3 g6 7. Bg2 Bg7 8. Nf3
O-O 9. O-O Bd7 10. Bf4 Be8 11. e4 b5 12. e5 dxe5 13. Nxe5 b4 14. Na4 Nh5 15.
Nxc5 Nxf4 16. gxf4 Nd7 17. Ncd3 Nf6 18. Nxb4 Qd6 19. Nbc6 Nh5 20. Qf3 Bxc6 21.
dxc6 Nxf4 22. Qxf4 Bxe5 23. Qh4 Bxb2 24. Rad1 Qc5 25. Rd7 Rac8 26. Qe4 a5 27.
Qd5 Qc3 28. Qb3 Qf6 29. Qf3 Qh4 30. Re1 Bf6 31. Qe4 Qxe4 32. Bxe4 Rfe8 33. Kf1
Rxe4 34. Rxe4 Rxc6 35. Re8+ Kg7 36. Ra8 Bc3 37. Raa7 Rf6 38. Kg2 Rf5 39. Rd3
Bb4 40. Rf3 Rxf3 41. Kxf3 g5 42. Ke4 Kg6 43. Ra6+ f6 44. f3 h5 45. h3 Be1 46.
a3 h4 47. f4 Bd2 48. f5+ Kf7 49. Rc6 Ke7 50. Re6+ Kf7 51. Rc6 Ke7 52. Kd3 Kd7
53. Rxf6 Bc1 54. a4 Bf4 55. Ke4 Ke7 56. Rg6 Kf7 57. Kf3 {cerny se vzdal} 1-0

[Event "ProMoPro2004"]
[Site "Praha"]
[Date "2004.09.14"]
[Round "4.18"]
[White "Tejkal, Jiri"]
[Black "Hlavnicka, Jan"]
[Result "1/2-1/2"]
[WhiteElo "2048"]
[BlackElo "1864"]
[PlyCount "82"]
[EventDate "2004.09.11"]

1. c4 c5 2. Nc3 Nc6 3. g3 g6 4. Bg2 Bg7 5. e3 d6 6. d3 Nf6 7. Nge2 O-O 8. O-O
Bd7 9. h3 Rb8 10. f4 a6 11. a4 Nb4 12. e4 Qc8 13. Kh2 Ne8 14. a5 Qd8 15. Nd5
Nxd5 16. exd5 b5 17. axb6 Rxb6 18. Nc3 Nc7 19. Re1 e6 20. dxe6 fxe6 21. Re2 Qb8
22. Ra2 Rd8 23. Qe1 Be8 24. Ne4 Rb3 25. Nc3 d5 26. cxd5 exd5 27. Nxd5 Bf7 28.
Nxc7 Qxc7 29. Re7 Qb6 30. Bf1 Bf6 31. Re2 Rbxd3 32. Ra1 Rd1 33. Qf2 Bc4 34. Re1
Qb4 35. Bxc4+ Qxc4 36. Be3 Rxe1 37. Rxe1 Bd4 38. Bxd4 cxd4 39. f5 d3 40. fxg6
hxg6 41. Qf6 41... Rf8 {remis} 1/2-1/2